Statistics for Länder med flest segrar i schlager-EM (Eurovision)

Click here to take the quiz!

General Stats

  • This quiz has been taken 79 times
    (18 since last reset)
  • The average score is 8 of 11

Answer Stats

#SenasteLand% Correct
72023Sverige
100%
51997Storbritannien
93%
32021Italien
87%
32013Danmark
80%
71996Irland
80%
51977Frankrike
73%
32009Norge
73%
52019Nederländerna
67%
32022Ukraina
67%
42018Israel
60%
51983Luxemburg
47%

Score Distribution

Percentile by Number Answered

Percent of People with Each Score

Your Score History

You have not taken this quiz since the last reset